书目信息 |
| 题名: |
廿二史札记校证
|
|
| 作者: | 赵翼 著 ;王树民 校证 | |
| 分册: | 下册 | |
| 出版信息: | 北京 中华书局 1984 |
|
| 页数: | 450-889页 | |
| 开本: | 21cm | |
| 丛书名: | ||
| 单 册: | ||
| 中图分类: | K204.1 | |
| 科图分类: | ||
| 主题词: | 中国--古代史--纪传体 | |
| 电子资源: | ||
| ISBN: | ||
| 000 | 00686nam0 2200241 45 | |
| 001 | 0184012734 | |
| 005 | 20060525105131.07 | |
| 010 | @dCNY3.20(2册) | |
| 091 | @a11018.1144 | |
| 100 | @a19950606d1984 em y0chiy0121 ea | |
| 101 | 0 | @achi |
| 102 | @aCN@b110000 | |
| 105 | @ay z 000yy | |
| 200 | 10 | @a廿二史札记校证@Anian er shi zha ji xiao zheng@h下册@f(清)赵翼著@F(qing)zhao yi zhu@g王树民校证 |
| 210 | @a北京@c中华书局@d1984 | |
| 215 | @a450-889页@d21cm | |
| 606 | 0 | @a中国@x古代史@x纪传体 |
| 690 | @aK204.1@v3 | |
| 701 | 0 | @a赵翼@Azhao yi@4著 |
| 702 | 0 | @a王树民@4校证 |
| 801 | 2 | @aCN@bNLC@c20060525 |
| 801 | 0 | @aCN@b上海图书馆@c20040505 |
| 905 | @dK204.1@e15:2@b166140@f1 | |
| 廿二史札记校证.下册/(清)赵翼著/王树民校证.-北京:中华书局,1984 |
| 450-889页;21cm |
| ISBN :CNY3.20(2册) |
| ● |
| 相关链接 |
|
|
|
|
正题名:廿二史札记校证
索取号:K204.1/15:2
 
预约/预借
| 序号 | 登录号 | 条形码 | 馆藏地/架位号 | 状态 | 备注 |
| 1 | 0106821 | 000055969 | 密集书库/ [索取号:K204.1/15:2] | 在馆 | |
| 2 | 0106822 | 202386471 | 密集书库/ [索取号:K204.1/15:2] | 在馆 | |
| 3 | 0106823 | 001455856 | 第二样本阅览室/ [索取号:K204.1/15:2] | 在馆 | |
| 4 | 0166139 | 202386435 | 密集书库/ [索取号:K204.1/15:2] | 在馆 | |
| 5 | 0166140 | 001988031 | 密集书库/ [索取号:K204.1/15:2] | 在馆 | |
| 6 | 0166141 | 001455927 | 密集书库/ [索取号:K204.1/15:2] | 在馆 |